000 01342nam0a22003011 4500
001 rc\2352141
005 20110829152722.0
035 _a(NLR Aleph) 006591454
090 _a7150590
_c7150590
100 _a20110829d1977 |||y0rusy50 ca
101 0 _arus
102 _aRU
105 _ay z |||a|
200 1 _aПервопроходцы
_eКнига стихов и поэм
_fСергей Кинякин
_gПеревод И. Рыжикова
_g[Предисл. А. Алешкина]
210 _aСаранск
_cМордов. кн. изд-во
_d1977
215 _a119 с.
_d17
327 0 _aЦиклы: Первопроходцы; Я открою сердце лесу; Воспою тебя; Поэмы: Поле, поле; Отцовский характер
464 0 _12001#$aПервопроходцы$aЯ открою сердце лесу$aВоспою тебя$aПоле, поле$eПоэма$aОтцовский характер$eПоэма
700 1 _aКинякин
_bС. В.
_gСергей Васильевич
702 1 _aРыжиков
_bИ. В.
_gИван Васильевич
_4730
702 1 _aАлешкина
_bА.
_4080
801 0 _aRU
_bNLR
_gpsbo
801 1 _aRU
_bELAR
_2rusmarc
852 _aNLR
_j77-2/3982
899 _aRuMoRGB
_jБ 77-43/879
899 _aRuMoRGB
_jБ 77-43/880
942 _cBOOK
980 _aNB